<?xml version="1.0" encoding="UTF-8"?>
<collection xmlns="http://www.loc.gov/MARC21/slim">
 <record>
  <leader>00510pamaa2200157   4500</leader>
  <controlfield tag="001">0000036179</controlfield>
  <controlfield tag="005">20190726090000.0</controlfield>
  <datafield tag="020" ind1="0" ind2="0">
   <subfield code="a">9780273646945 (pbk.) </subfield>
  </datafield>
  <datafield tag="090" ind1="0" ind2="0">
   <subfield code="a">HD30.25 </subfield>
   <subfield code="b">WAT 2001</subfield>
  </datafield>
  <datafield tag="100" ind1="1" ind2="0">
   <subfield code="a">Waters, Donald </subfield>
  </datafield>
  <datafield tag="245" ind1="1" ind2="0">
   <subfield code="a">Quantitative methods for business  </subfield>
   <subfield code="c">Donald Waters.</subfield>
  </datafield>
  <datafield tag="250" ind1="0" ind2="0">
   <subfield code="a">3rd edition.</subfield>
  </datafield>
  <datafield tag="260" ind1="0" ind2="0">
   <subfield code="a">Harlow: </subfield>
   <subfield code="b">Financial Times/Prentice Hall, </subfield>
   <subfield code="c">2001.</subfield>
  </datafield>
  <datafield tag="300" ind1=" " ind2=" ">
   <subfield code="a">xvii, 630 p.: </subfield>
   <subfield code="b">ill.; </subfield>
   <subfield code="c">25 cm.</subfield>
  </datafield>
  <datafield tag="650" ind1="0" ind2="0">
   <subfield code="a">Industrial management -- Mathematical models </subfield>
  </datafield>
  <datafield tag="650" ind1="0" ind2="0">
   <subfield code="a">Decision making -- Mathematical models </subfield>
  </datafield>
 </record>
</collection>
